000 00430nam a2200157Ia 4500
003 SGT
020 _a9788131713921
082 _a5.133
_bKAM
100 _akamthane,Ashok N
245 _aIntroducation to data structures in C
260 _bPearson
_aN.Delhi
_c2009
300 _a484p.
650 _aCOMPUTER SCIENCE
653 _aINTRODUCTION TO DATA STRUCTURES,DATA STRUCTURES ARRAY RECURSION,STACKS,QUEUES
942 _2ddc
_cBK
_010
999 _c4966
_d4966